LEADER 01016nam a2200253 i 4500 001 991001553709707536 008 060329s2005 enka b 001 0deng 020 $a184542199X 035 $ab1339048x-39ule_inst 040 $aDip.to Studi Giuridic$bita 082 00$a338.476 100 1 $aChen, Jianxun$0623461 245 10$aHigh-tech industries in China /$cChien-Hsun Chen and Hui-Tzu Shih 260 $aCheltenham, UK ;$aNorthampton, MA :$bElgar,$cc2005 300 $axvii, 155 p. :$bill. ;$c25 cm 440 0$aAdvances in Chinese economic studies 650 4$aAziende$xInnovazione tecnologica$zCina 700 1 $aShih, Hui-Tzu$eauthor$4http://id.loc.gov/vocabulary/relators/aut$0594649 907 $a.b1339048x$b21-09-06$c29-03-06 912 $a991001553709707536 945 $aLE027 338.40 CHE01.01$g1$i2027000151523$lle027$o-$pE74.50$q-$rl$s- $t0$u0$v0$w0$x0$y.i14213503$z29-03-06 996 $aHigh-tech industries in China$91462025 997 $aUNISALENTO 998 $ale027$b29-03-06$cm$da $e-$feng$genk$h0$i0